Disney, Hanna-Barbera or Looney Tunes Quiz Stats

 Plays Quiz not verified by Sporcle

Score 0/30 Timer 03:00
0 Plays Today
Question Answer Wrong Answers
Mickey Mouse Disney
91.6%
Hanna-Barbera
1.2%
Looney Tunes
0.2%
Bugs Bunny Looney Tunes
90.2%
Disney
0.9%
Hanna-Barbera
1.6%
Tasmanian Devil Looney Tunes
89.9%
Disney
1.6%
Hanna-Barbera
2.1%
Scooby-Doo Hanna-Barbera
89.9%
Disney
0.5%
Looney Tunes
1.2%
Fred Flintstone Hanna-Barbera
89.7%
Disney
0.2%
Looney Tunes
2.8%
Donald Duck Disney
88.8%
Hanna-Barbera
0.5%
Looney Tunes
4.4%
Elmer Fudd Looney Tunes
88.5%
Disney
0.9%
Hanna-Barbera
3%
Yogi Bear Hanna-Barbera
88.3%
Disney
0.7%
Looney Tunes
2.6%
Scrooge McDuck Disney
86.4%
Hanna-Barbera
2.3%
Looney Tunes
4.2%
Foghorn Leghorn Looney Tunes
84.5%
Disney
1.9%
Hanna-Barbera
6.8%
Grape Ape Hanna-Barbera
83.8%
Disney
2.1%
Looney Tunes
6.3%
Huckleberry Hound Hanna-Barbera
83.1%
Disney
2.1%
Looney Tunes
7.3%
Daffy Duck Looney Tunes
82.9%
Disney
9.1%
Hanna-Barbera
0.9%
Snagglepuss Hanna-Barbera
81.5%
Disney
3.5%
Looney Tunes
6.8%
Quick Draw McGraw Hanna-Barbera
79.6%
Disney
2.6%
Looney Tunes
10.5%
Penelope Pitstop Hanna-Barbera
78.9%
Disney
5.4%
Looney Tunes
8%
Clarabelle Cow Disney
76.3%
Hanna-Barbera
9.4%
Looney Tunes
7.5%
Wally Gator Hanna-Barbera
74%
Disney
6.3%
Looney Tunes
10.8%
Peter Potamus Hanna-Barbera
73.5%
Disney
12.2%
Looney Tunes
7.7%
Petunia Pig Looney Tunes
68.6%
Disney
8.7%
Hanna-Barbera
13.6%
Mortimer Mouse Disney
68.1%
Hanna-Barbera
14.5%
Looney Tunes
8.4%
Beaky Buzzard Looney Tunes
60.7%
Disney
7.7%
Hanna-Barbera
24.6%
Horace Horsecollar Disney
55.7%
Hanna-Barbera
25.8%
Looney Tunes
10.8%
Witch Hazel Looney Tunes
53.2%
Disney
14.5%
Hanna-Barbera
24.8%
Gossamer Looney Tunes
52.7%
Disney
13.1%
Hanna-Barbera
25.5%
Clara Cluck Disney
49.4%
Hanna-Barbera
21.5%
Looney Tunes
22.2%
Humphrey the Bear Disney
43.3%
Hanna-Barbera
37.9%
Looney Tunes
11%
Elmer the Elephant Disney
40.7%
Hanna-Barbera
34%
Looney Tunes
16.2%
Hippety Hopper Looney Tunes
37.7%
Disney
12.9%
Hanna-Barbera
41%
Salty the Seal Disney
37.2%
Hanna-Barbera
41.7%
Looney Tunes
12.2%

You're not logged in!

Compare scores with friends on all Sporcle quizzes.
OR
Log In

Sporcle TV

Today on Sporcle TV


Watch our educational content, quiz creation guides, and fun videos on Sporcle TV.

Show Comments

Extras

Top Quizzes Today


Score Distribution

Your Account Isn't Verified!

In order to create a playlist on Sporcle, you need to verify the email address you used during registration. Go to your Sporcle Settings to finish the process.

Report this User

Report this user for behavior that violates our Community Guidelines.

Details: